| 000 | 00664nam a22001815i 4500 | ||
|---|---|---|---|
| 001 | 168007 | ||
| 003 | ES-MaACL | ||
| 005 | 20251004063218.0 | ||
| 008 | 020820s1887 fr |||| | fre d | ||
| 040 |
_aCCPB | B _bspa _cCCPB | B |
||
| 100 | 1 |
_aWorms, Émile, _d1838-1918 _9133966 |
|
| 245 | 1 | 0 |
_aDe la liberté d'association au point de vue du droit public a travers les âges / _cÉmile Worms. |
| 260 |
_aParis : _bDentu et c\pie\s, éditeurs, _c1887 ( _fImprimerie Paul Dupont) |
||
| 300 |
_aVIII, 383 p. ; _c22 cm. |
||
| 650 | 4 |
_aLibertad de asociación. _9136406 |
|
| 852 |
_aES-MaACL _jF-10235 _z-- Enc. pasta española |
||
| 999 |
_c168007 _d168007 |
||